[Event "RUS IPCA-ch"]
[Site "Nalchik"]
[Date "2016.05.02"]
[Round "3"]
[White "Korenchuk, Alexander"]
[Black "Denisov, Denis"]
[Result "1-0"]
[WhiteElo "2124"]
[BlackElo "1934"]
[PlyCount "135"]
[EventDate "2016.04.30"]
[EventType "swiss"]
[EventRounds "9"]
[EventCountry "RUS"]
[SourceTitle "CBM 172 Extra"]
[Source "ChessBase"]
[SourceDate "2016.06.21"]
[SourceVersion "1"]
[SourceVersionDate "2016.06.21"]
[SourceQuality "1"]

1. c4 e5 2. a3 Nf6 3. Nc3 d5 4. cxd5 Nxd5 5. Qb3 Nb6 6. Nf3 Nc6 7. e3 Be6 8. Qc2 a6 9. b4 Nc4 10. d3 Nd6 11. Na4 Nb5 12. Nc5 Bxc5 13. Qxc5 Qd5 14. Bb2 f6 15. Qxd5 Bxd5 16. Be2 a5 17. d4 e4 18. Nd2 Nd6 19. b5 Ne7 20. 0-0 a4 21. Rac1 Kd7 22. Rc5 f5 23. Rfc1 Rhc8 24. Nc4 Nxc4 25. Bxc4 c6 26. Be2 Kd6 27. Kf1 g6 28. Ke1 Bb3 29. bxc6 bxc6 30. Bc3 Nd5 31. Bc4 Bxc4 32. Rxc4 Rcb8 33. Bb4+ Nxb4 34. axb4 Ra6 35. Kd2 Rb5 36. Kc2 g5 37. f3 Kd5 38. Kb2 a3+ 39. Ka2 Ra4 40. Rxc6 Raxb4 41. R1c5+ Rxc5 42. Rxc5+ Ke6 43. Kxa3 Rb1 44. fxe4 f4 45. exf4 gxf4 46. Rf5 Rg1 47. Rxf4 Rxg2 48. Rh4 Re2 49. Kb4 Kf6 50. e5+ Kg6 51. Kc4 h5 52. Kd3 Ra2 53. Re4 Kf5 54. Re2 Ra3+ 55. Kc4 Ke6 56. d5+ Ke7 57. Kc5 Rc3+ 58. Kd4 Ra3 59. e6 Ra1 60. Ke5 Rd1 61. h4 Rd3 62. Ra2 Re3+ 63. Kd4 Re1 64. Ra7+ Ke8 65. Rh7 Re2 66. Rxh5 Re1 67. Rh7 Ra1 68. d6 1-0